000 01199cam a2200277 4500
001 ABS62398
008 000000n2000 000 0 eng u
035 _a(Sirsi) u106041
100 _aCrosby, N.
100 _aOughton, M.
245 _aBank lending valuations on commercial property: does European mortgage lending value add anything to the process?
260 _c2000
490 _aJournal of Property Investment and Finance
_v18(1) January 2000, 66-83(18)
520 _aReviews a number of alternative bases of valuation which can be applied for lending purposes. Compares the European Mortgage Federation proposal that lending value should be based on 'sustainable' values with the current basis used for bank lending valuations, market value. Concludes that the concept of sustainable values does not work. References.
590 _aABS
650 _aMORTGAGE LENDING
650 _aEUROPEAN MORTGAGE LENDING VALUE
650 _aMARKET VALUE
650 _aLENDING VALUATIONS
650 _aPROPERTY-COMMERCIAL PROPERTY
650 _aSUSTAINABLE VALUE
690 _aPROPERTY-PROPERTY APPRAISAL AND VALUATION
700 _aFrench, N.
700 _aOughton, M.
942 _n0
999 _c63513
_d63513